000 02091nam0a2200349 4500
001 RU\NLR\BIBL_A\011435482
005 20250626064729.0
035 _a(NLR Aleph) 011435482
090 _a11673188
_c11673188
100 _a20170707d1986 |||y0rusy50 ca
101 0 _arus
102 _aRU
105 _ay j 000yy
200 1 _aЭкономический анализ хозяйственной деятельности предприятий и объединений
_e[учеб. для экон. спец. вузов
_fС.Б. Барнгольц, И.А. Белобжецкий, В.Г. Ветчинина и др.]
_gпод ред. С.Б. Барнгольц, Г.М. Тация
205 _a3-е изд., перераб. и доп.
210 _aМ.
_cФинансы и статистика
_d1986
215 _a406, [1] с.
_d24
300 _aЗагл. 2-го изд.: Экономический анализ деятельности предприятий и объединений
300 _aАвт. указаны на обороте тит. л.
488 0 _12001#$aЭкономический анализ деятельности предприятий и объединений
_tЭкономический анализ деятельности предприятий и объединений
606 1 _aХозяйственные предприятия
_jРуководства, пособия и т.п
_xАнализ хозяйственной деятельности
_91871489
_3RU\NLR\AUTH\661140505
686 1 _aУ053.9(2)я73
701 1 _4070
_4340
_7ca
_8rus
_aБарнгольц
_bС. Б.
_cд-р экон. наук
_f1908-2002
_gСарра Бенционовна
_9175647
_3RU\NLR\AUTH\770175698
701 1 _aБелобжецкий
_bИ. А.
_gИзраиль Абрамович
701 1 _aВетчинина
_bВ. Г.
702 1 _aТация
_bГ. М.
_4340
852 _aNLR
_j86-7/878
852 _aNLR
_bМф
_jК-1/28851
942 _cBOOK
980 _aNB